|
|
|
|
| LEADER |
00000nam a2200000 4500 |
| 005 |
20240227140759.0 |
| 008 |
240227b |||||||| |||| 00| 0 eng d |
| 040 |
|
|
|c C
|
| 100 |
|
|
|a Allison, Dorothy
|
| 245 |
|
|
|a Trash
|
| 942 |
|
|
|2 ddc
|c BK
|n 0
|
| 952 |
|
|
|0 0
|1 0
|2 ddc
|4 0
|6 813_540000000000000_ALL_TRA
|7 1
|9 740
|a GE
|b GE
|d 2015-03-08
|l 0
|o 813.54 ALL TRA
|p 1831
|r 2024-02-27 14:08:41
|w 2024-02-27
|y BK
|
| 952 |
|
|
|0 0
|1 0
|2 ddc
|4 0
|6 813_540000000000000_ALL_TRA
|7 1
|9 741
|a GE
|b GE
|d 2015-03-08
|l 0
|o 813.54 ALL TRA
|p 1832
|r 2024-02-27 14:08:53
|w 2024-02-27
|y BK
|
| 999 |
|
|
|c 697
|d 697
|